000 00220nam a22000857a 4500
008 170620b xxu||||| |||| 00| 0 eng d
100 _93554
_aGoel D. K
245 _aAccountancy solution XII-A
260 _aNew Delhi
_bA. P
_c2009
999 _c6938
_d6938